| 000 | 003320000a22001450004500 | ||
|---|---|---|---|
| 001 | 005553 | ||
| 003 | MACL | ||
| 040 | _aMACL | ||
| 090 |
_c17546 _d17545 |
||
| 245 |
_aRehnumayan e Hind _bMahar Narayan Pd.Verma |
||
| 260 |
_aMgr Bk Dpt Madarsatul Uloom AG, _c1912 |
||
| 350 | _a1.00 | ||
| 650 | _aUrdu Literature | ||
| 942 |
_k891 _cBook |
||
| 999 |
_c17435 _d17435 |
||